Blood on the Clocktower characters starting with D - Statistics

General Stats
  • This quiz has been taken 15 times
    10 since last reset
  • The average score is 6 of 8
Answer Stats
Hint Answer % Correct
Minion Devil's Advocate
100%
Outsider Drunk
100%
Outsider Damsel
86%
Fabled Djinn
86%
Traveller Deviant
71%
Fabled Doomsayer
71%
Townsfolk Dreamer
71%
Fabled Duchess
57%
No matching quizzes found
Score Distribution
Percent of People with Each Score
Percentile by Number Answered
Your Score History
You have not taken this quiz since the last reset